| 000 | 00537nam a2200169 i 4500 | ||
|---|---|---|---|
| 001 | 26058 | ||
| 003 | ES-MaACL | ||
| 005 | 20230906153359.0 | ||
| 007 | t| | ||
| 008 | 030107s1963 sp ||||1| cat d | ||
| 100 | 1 |
_aArnavat, Josep María. _923077 |
|
| 245 | 1 | 4 |
_aEls set pecats capitals / _cSonets de Josep Mª Arnavat i vint-i-cinc xilografies d'Antoni Gelabert. |
| 260 |
_aBarcelona : _bTorrell de Reus, _c1963. |
||
| 300 |
_a67 p., 19 lám. ; _c24 cm. |
||
| 700 | 1 |
_aGelabert, Antoni. _956239 |
|
| 852 |
_aES-MaACL _jC-24803 _bR.53583 |
||
| 999 |
_c26058 _d26058 |
||